000 00543nam a22002297a 4500
003 UA-OsUOA
001 22908
007 ta
008 20031229b un ||||| |||| 00| 0 ukr d
090 _a342.7
_bП68
942 _cBK
040 _aUA-OsUOA
_bukr
_cUA-OsUOA
_dUA-OsUOA
245 _aПрава громадян України
_cСост. А.А.Подпалій
300 _a180 с.
955 _a0
041 _aukr
080 _a342.7
260 _aКиїв
_bСірін
_c1997
044 _aUA
650 7 _2UDC
999 _c309140
_d309140